| 000 | 00714cam a22002413a 4500 | ||
|---|---|---|---|
| 001 | 40147 | ||
| 003 | PGUSA | ||
| 005 | 20140828083908.0 | ||
| 008 | 120706s2012||||xxu|||||s|||||000 | eng d | ||
| 040 |
_aPGUSA _beng |
||
| 042 | _adc | ||
| 050 | 4 | _aAP | |
| 245 | 1 | 0 |
_aHarper's New Monthly Magazine, No. VI, November 1850, Vol. I _h[electronic resource] / _cVarious |
| 260 |
_bProject Gutenberg, _c2012 |
||
| 506 | _aPublic domain in the USA. | ||
| 516 | _aElectronic text | ||
| 653 | _aAmerican literature -- Periodicals | ||
| 653 | _aCivilization -- Periodicals | ||
| 653 | _aCulture -- Periodicals | ||
| 830 | 0 |
_aProject Gutenberg _v40147 |
|
| 856 | 4 | 0 | _uhttp://www.gutenberg.org/ebooks/40147 |
| 942 | _cEB | ||
| 999 |
_c269400 _d269400 |
||